| 000 | 00807nam a2200217 i 4500 | ||
|---|---|---|---|
| 001 | 142624 | ||
| 003 | ES-MaACL | ||
| 005 | 20230906200557.0 | ||
| 007 | t| | ||
| 008 | 071009s1957 sp f |||| | spa d | ||
| 245 | 0 | 4 |
_aLos viajeros extranjeros y la fiesta de toros (siglos XVI a XVIII) _b: selección de inéditos, olvidados o desdeñados / _crecopilación, estudio y notas por Auguste Lafront. |
| 260 |
_a[Madrid] : _bUnión de Bibliófilos Taurinos, _c[1957] |
||
| 300 |
_a190 p., 10 h. de lám. ; _c24 cm. |
||
| 490 | 1 |
_aColección Ybarra ; _v1 |
|
| 650 | 4 |
_aCorridas de toros- _zEspaña. _911373 |
|
| 700 | 1 |
_aLafront, Auguste. _969526 |
|
| 710 | 2 |
_aUnión de Bibliófilos Taurinos. _97005 |
|
| 830 | 0 |
_aColección Ybarra ; _v1 _9187249 |
|
| 852 |
_aES-MaACL _jC-14086 |
||
| 999 |
_c142624 _d142624 |
||